000 00552nam a22001697a 4500
999 _c9274
_d9274
008 210401b ||||| |||| 00| 0 eng d
040 _aBMS College of Architecture, Visvesvaraya Technological University
100 _aC, Rvish
245 _aInstitute of tourism Development and training center
300 _aNA
500 _a1BM00AT023
502 _8B.Arch
_NBMS College of Architecture, Visvesvaraya Technological University
_aProject report
_d2004
650 _aTour
650 _aInstitute
700 _aMamatha P Raj
_eGuide
942 _2ddc
_cTHE